000 00591nam a22001937a 4500
005 20161124152520.0
010 _aENG-116637
020 _a9788184845495
_c1050.00
035 _aEN-100169
037 _bDBAD/PUB
082 _a658.8
100 _aDodrajka, Sangeeta
245 _aMarketing strategies:
_bvarious issues and case studies /
_cby Sangeeta Dodrajka
260 _aNew Delhi
_bRegal Publications
_c2016
270 _aF-159, Rajouri Garden
_bNew Delhi
_e110041
300 _a231p. :
_bill
_c22cm(Hb)
500 _aIncludes index
942 _2ddc
_cEN
_h658.8
_mDOD
999 _c104750
_d104750